000 00520nam a2200169 i 4500
001 38284
003 ES-MaACL
005 20230906155730.0
007 t|
008 030225q18901899sp ||||1| spa d
100 1 _aBurgess, John W.
_932634
245 1 0 _aCiencia polĂ­tica y Derecho constitucional comparado /
_cpor John W. Burgess.
260 _aMadrid :
_bIdamor Moreno,
_c[189-?]
300 _a2 v. ;
_c22 cm.
505 8 _aContiene: V. I: SoberanĂ­a y libertad. -- V. II: Gobierno
852 _aES-MaACL
_jB-12444-45
999 _c38284
_d38284